000 00500nam a2200181Ia 4500
001 16098
005 20260306170244.0
008 260306t2007||||xx |||||||||||||| ||und||
041 _aESP
082 _a346.6
_bP91 2007 T. 2
100 _aDe la Puente y Lavalle, Manuel
_eAUT
245 0 _aEl contrato en general :
_bcomentarios a la sección primera del libro VII del código civil
260 _c2007
300 _apágs. :
_ccm.
650 _aGEN
654 _aCDE
942 _cLIB
_dJUS
_fJUS
_2ddc
_n
999 _c16098
_d16098